[Event "Boeblinger Open 2014"]
[Site "Boeblingen"]
[Date "2014.12.29"]
[Round "4"]
[White "Smirnov, Artem"]
[Black "Graf, Felix"]
[Result "1/2-1/2"]
[WhiteElo "2446"]
[BlackElo "2472"]
[PlyCount "102"]
[EventDate "2014.??.??"]

1. d4 e6 2. Nf3 Nf6 3. c4 b6 4. Nc3 Bb7 5. e3 Ne4 6. Bd3 Nxc3 7. bxc3 d6 8. Qc2
g6 9. e4 Bg7 10. Be3 O-O 11. h4 e5 12. h5 exd4 13. Bxd4 Nc6 14. Bxg7 Kxg7 15.
Qd2 Ne5 16. Nxe5 dxe5 17. hxg6 hxg6 18. Qh6+ Kf6 19. Qh4+ Kg7 20. Qh7+ Kf6 21.
Rh3 Ke7 22. Rd1 Rh8 23. Qg7 Rxh3 24. Qxe5+ Kf8 25. gxh3 Qh4 26. Qxc7 Bxe4 27.
Qd6+ Kg8 28. Qg3 Qe7 29. Qe3 Re8 30. Kf1 Qh4 31. Qg3 Bxd3+ 32. Qxd3 Rc8 33. Kg2
Rxc4 34. Qe3 Rc5 35. Rd4 Qf6 36. Qe8+ Kg7 37. Qe3 Qc6+ 38. Qe4 Qxe4+ 39. Rxe4
Rxc3 40. a4 Ra3 41. h4 a5 42. Rc4 Rb3 43. Rc6 Kf8 44. f3 Rb4 45. Kg3 Ke7 46. f4
Kf8 47. f5 gxf5 48. h5 Kg8 49. Kf3 Kh7 50. h6 Rxa4 51. Rxb6 Rb4 1/2-1/2

[Event "Boeblinger Open 2014"]
[Site "Boeblingen"]
[Date "2014.12.29"]
[Round "4"]
[White "Vuckovic, Aleksandar"]
[Black "Reck, Moritz"]
[Result "1-0"]
[WhiteElo "2337"]
[BlackElo "2145"]
[PlyCount "102"]
[EventDate "2014.??.??"]

1. e4 e5 2. Nf3 Nc6 3. d4 exd4 4. Nxd4 Bc5 5. Nb3 Bb6 6. Nc3 Nf6 7. Bg5 h6 8.
Bh4 d6 9. Bb5 Bd7 10. a4 a6 11. Be2 g5 12. Bg3 Qe7 13. f3 O-O-O 14. a5 Ba7 15.
Nd5 Nxd5 16. exd5 Ne5 17. Bf2 Bxf2+ 18. Kxf2 Rde8 19. Re1 f5 20. Qd4 Kb8 21.
Qb4 Ka8 22. Nd4 Rhf8 23. Ra3 f4 24. Rb3 Rb8 25. Bf1 g4 26. Kg1 Qg5 27. Qc3 Rg8
28. Qxc7 gxf3 29. Nxf3 Nxf3+ 30. Rxf3 Qxd5 31. Rd3 Qf5 32. Qxd6 Bc6 33. Qe5 Qg4
34. Qe6 Qg7 35. Qe5 Qg4 36. Qe6 Qg5 37. Qe7 Qxa5 38. b4 Qa2 39. Qc5 Bb5 40. Rc3
Bxf1 41. Kxf1 Qf7 42. Qc4 Qg7 43. Re2 Rbe8 44. Rxe8+ Rxe8 45. Ra3 Qe5 46. Kf2
Kb8 47. Kf3 Qh5+ 48. Kf2 Qh4+ 49. Kf3 Qxh2 50. Qxf4+ Qxf4+ 51. Kxf4 Re2 1-0

[Event "Boeblinger Open 2014"]
[Site "Boeblingen"]
[Date "2014.12.28"]
[Round "5"]
[White "Graf, Felix"]
[Black "Bai, Jinshi"]
[Result "0-1"]
[WhiteElo "2472"]
[BlackElo "2444"]
[PlyCount "98"]
[EventDate "2014.??.??"]

1. d4 Nf6 2. Nf3 g6 3. c4 Bg7 4. Nc3 d5 5. cxd5 Nxd5 6. e4 Nxc3 7. bxc3 c5 8.
Be3 Bg4 9. Rc1 O-O 10. Be2 Qa5 11. Qd2 e6 12. d5 exd5 13. exd5 c4 14. O-O Nd7
15. Rfd1 Nf6 16. Bh6 Qxd5 17. Bxg7 Qxd2 18. Nxd2 Kxg7 19. Bxg4 Nxg4 20. Nxc4
Rfd8 21. Nd6 b6 22. Rd2 Nf6 23. Rcd1 Kf8 24. f3 Ne8 25. Ne4 Rxd2 26. Rxd2 Rc8
27. Kf2 f5 28. Ng5 h6 29. Ne6+ Ke7 30. Nf4 g5 31. Ne2 Nd6 32. Rd3 Rc5 33. Nd4
Nb5 34. Nxb5 Rxb5 35. Rd2 Ke6 36. Rc2 Kd6 37. Ke3 Rd5 38. c4 f4+ 39. Ke4 Re5+
40. Kd4 Re3 41. c5+ bxc5+ 42. Rxc5 Re2 43. Ra5 Rxg2 44. h4 gxh4 45. Rxa7 Ke6
46. Ke4 Kf6 47. Rb7 h3 48. Rb1 h2 49. Rh1 Kg5 0-1

[Event "Boeblinger Open 2014"]
[Site "Boeblingen"]
[Date "2014.12.28"]
[Round "5"]
[White "Kunin, Vitaly"]
[Black "Mihok, Oliver"]
[Result "1/2-1/2"]
[WhiteElo "2589"]
[BlackElo "2464"]
[PlyCount "84"]
[EventDate "2014.??.??"]

1. Nf3 c5 2. c4 Nc6 3. Nc3 e5 4. g3 g6 5. Bg2 Bg7 6. O-O Nge7 7. d3 d6 8. Ne1
Be6 9. Nc2 d5 10. cxd5 Nxd5 11. Ne3 Nde7 12. a3 O-O 13. Bd2 a5 14. Rb1 Rb8 15.
Na4 b6 16. b4 cxb4 17. axb4 b5 18. Nc5 a4 19. Nxe6 fxe6 20. Nc2 Qd6 21. Be4 Nd5
22. e3 Rfc8 23. Qf3 Nd4 24. exd4 Rxc2 25. dxe5 Bxe5 26. Bh6 Bd4 27. h4 Nf6 28.
Rbc1 Rxc1 29. Rxc1 a3 30. Bf4 e5 31. Be3 Nxe4 32. Qxe4 a2 33. Bxd4 Qxd4 34. Qc6
a1=Q 35. Qe6+ Kg7 36. Qe7+ Kh6 37. Qg5+ Kg7 38. Qe7+ Kg8 39. Qe6+ Kf8 40. Qf6+
Ke8 41. Qe6+ Kd8 42. Qf6+ Ke8 1/2-1/2

[Event "Boeblinger Open 2014"]
[Site "Boeblingen"]
[Date "2014.12.28"]
[Round "5"]
[White "Winterberg, Lukas"]
[Black "Lampert, Jonas"]
[Result "0-1"]
[WhiteElo "2264"]
[BlackElo "2453"]
[PlyCount "90"]
[EventDate "2014.??.??"]

1. d4 d5 2. Nf3 Nf6 3. c4 c6 4. Nc3 dxc4 5. a4 Bf5 6. Ne5 e6 7. f3 Bb4 8. e4
Bxe4 9. fxe4 Nxe4 10. Bd2 Qxd4 11. Nxe4 Qxe4+ 12. Qe2 Bxd2+ 13. Kxd2 Qd5+ 14.
Kc2 Na6 15. Nxc4 O-O 16. Qe5 f6 17. Qxd5 cxd5 18. Nd6 Rab8 19. Nb5 Nb4+ 20. Kc3
Nc6 21. Nd4 Rbc8 22. Bd3 e5 23. Nxc6 Rxc6+ 24. Kd2 e4 25. Bc2 Kf7 26. a5 Ke6
27. Ba4 Rc7 28. Rhc1 Rfc8 29. a6 b6 30. Rxc7 Rxc7 31. Ra3 d4 32. Bb3+ Ke5 33.
Ra4 Rc5 34. Bd1 f5 35. Ra3 g6 36. Rh3 h5 37. Rg3 Rc6 38. Ba4 e3+ 39. Kd3 b5 40.
Bb3 h4 41. Rh3 g5 42. g3 Rc1 43. gxh4 Rf1 44. Ke2 Rf2+ 45. Ke1 g4 0-1

[Event "Boeblinger Open 2014"]
[Site "Boeblingen"]
[Date "2014.12.29"]
[Round "5"]
[White "Arnold, Max"]
[Black "Kvetny, Mark"]
[Result "1/2-1/2"]
[WhiteElo "2158"]
[BlackElo "2335"]
[PlyCount "67"]
[EventDate "2014.??.??"]

1. e4 c5 2. Nf3 d6 3. Bb5+ Nd7 4. d4 Ngf6 5. O-O cxd4 6. Qxd4 a6 7. Bxd7+ Bxd7
8. Bg5 e6 9. c4 Be7 10. Nc3 Bc6 11. Rad1 O-O 12. Rfe1 Rc8 13. Qd3 Qc7 14. b3
Rfd8 15. Nd4 Be8 16. a4 Qa5 17. Qd2 Qc5 18. h3 h6 19. Be3 Qc7 20. Rc1 Bc6 21.
f3 Bf8 22. Nd5 Bxd5 23. cxd5 Qd7 24. dxe6 fxe6 25. Qd3 e5 26. Nf5 Rxc1 27. Rxc1
d5 28. Bb6 Re8 29. Rc7 Qe6 30. Rxb7 Qc6 31. Qxa6 Qc1+ 32. Qf1 Qc6 33. Qa6 Qc1+
34. Qf1 1/2-1/2

[Event "Boeblinger Open 2014"]
[Site "Boeblingen"]
[Date "2014.12.29"]
[Round "5"]
[White "Bayer, Bernhard"]
[Black "Rücker, Benjamin"]
[Result "1/2-1/2"]
[WhiteElo "2445"]
[BlackElo "2250"]
[PlyCount "113"]
[EventDate "2014.??.??"]

1. Nf3 g6 2. g3 Bg7 3. c4 c5 4. Nc3 Nc6 5. Bg2 Nh6 6. d3 Nf5 7. O-O O-O 8. a3
a6 9. Rb1 Rb8 10. Ne4 d6 11. Ne1 Qc7 12. Bf4 b5 13. cxb5 axb5 14. b4 cxb4 15.
axb4 Qb6 16. Bd2 Bb7 17. e3 Ne5 18. Qe2 h5 19. Nf3 Ra8 20. Nxe5 Bxe5 21. d4 Bg7
22. Nc3 Bxg2 23. Kxg2 Rfb8 24. Qf3 e6 25. d5 e5 26. Ra1 Ra6 27. Qe2 Qb7 28. Qd3
Bf6 29. Rfb1 Qa8 30. Ra5 Rxa5 31. bxa5 Qxa5 32. Ne4 Qd8 33. Rxb5 Rxb5 34. Qxb5
Be7 35. Bb4 Ng7 36. Qb7 Qf8 37. Qd7 Ne8 38. h4 f6 39. f3 Qf7 40. Ba5 Kg7 41.
Bd8 Kf8 42. Kf2 Bxd8 43. Qxd8 Qc7 44. Qxc7 Nxc7 45. Nxd6 Nxd5 46. e4 Nb4 47. f4
exf4 48. gxf4 Ke7 49. Nb5 Nc6 50. Ke3 Nd8 51. Nc3 Nf7 52. Nd5+ Ke6 53. f5+ gxf5
54. Nf4+ Ke5 55. Nxh5 fxe4 56. Nxf6 Kxf6 57. Kxe4 1/2-1/2

[Event "Boeblinger Open 2014"]
[Site "Boeblingen"]
[Date "2014.12.29"]
[Round "5"]
[White "Braun, Arik"]
[Black "Schneider, Bernd"]
[Result "1-0"]
[WhiteElo "2549"]
[BlackElo "2282"]
[PlyCount "111"]
[EventDate "2014.??.??"]

1. d4 Nf6 2. c4 g6 3. Nc3 Bg7 4. e4 d6 5. Nf3 O-O 6. h3 Qe8 7. Be2 e5 8. d5 a5
9. g4 Na6 10. Be3 Nc5 11. Qc2 Qe7 12. O-O-O Bd7 13. Nd2 Rfb8 14. g5 Ne8 15. Bg4
c6 16. Nb3 Nxb3+ 17. Qxb3 c5 18. a4 Nc7 19. Rdg1 Be8 20. h4 Na6 21. h5 Nb4 22.
Kd2 Bd7 23. Qd1 Rf8 24. Rg2 Rad8 25. Qg1 Bh8 26. Be2 Be8 27. b3 Na6 28. Rh3 Bd7
29. Rh4 f5 30. gxf6 Bxf6 31. Rhh2 g5 32. h6 Kh8 33. Bg4 Rg8 34. Bxd7 Rxd7 35.
Rh5 Nc7 36. Ne2 Ne8 37. Ng3 Qf7 38. Rhh2 Bd8 39. Nf5 Nf6 40. f3 Nh5 41. Bxg5
Bxg5+ 42. Rxg5 Rxg5 43. Qxg5 Nf4 44. Rh4 Qg6 45. Rg4 Qxg5 46. Rxg5 Ng6 47. Ke3
Kg8 48. Nh4 Kf7 49. Nxg6 hxg6 50. f4 Kf6 51. Rg1 Rh7 52. fxe5+ dxe5 53. Rh1 g5
54. Kf3 Kf7 55. Kg4 Kg6 56. Rh2 1-0

[Event "Boeblinger Open 2014"]
[Site "Boeblingen"]
[Date "2014.12.29"]
[Round "5"]
[White "Brunello, Marina"]
[Black "Baldauf, Marco"]
[Result "1/2-1/2"]
[WhiteElo "2254"]
[BlackElo "2393"]
[PlyCount "86"]
[EventDate "2014.??.??"]

1. e4 e5 2. Nf3 Nc6 3. d4 exd4 4. Nxd4 Bc5 5. Be3 Qf6 6. c3 Nge7 7. Bc4 O-O 8.
O-O b6 9. Re1 Bb7 10. Bf1 d5 11. Nxc6 Qxc6 12. Bxc5 Qxc5 13. exd5 Nxd5 14. Nd2
Nf6 15. Nb3 Qg5 16. Qc1 Qh4 17. Nd4 Rfe8 18. Bb5 Rxe1+ 19. Qxe1 Qg5 20. Qf1 Rd8
21. Rd1 g6 22. Be2 Rd6 23. Bf3 Bxf3 24. Nxf3 Qf4 25. Rxd6 Qxd6 26. Qe2 Qd5 27.
b3 Kf8 28. Kf1 a5 29. Nd2 Qd6 30. Nf3 Qd5 31. Nd2 a4 32. f3 Nd7 33. c4 Qd4 34.
Ne4 Ne5 35. Qd2 Qxd2 36. Nxd2 Nd3 37. bxa4 Nc5 38. Ke2 Nxa4 39. Kd3 Ke7 40. Kd4
Nc5 41. Kd5 Kd7 42. Ke5 Ke7 43. Kd5 Kd7 1/2-1/2

[Event "Boeblinger Open 2014"]
[Site "Boeblingen"]
[Date "2014.12.29"]
[Round "5"]
[White "Dann, Matthias"]
[Black "Smirnov, Artem"]
[Result "1-0"]
[WhiteElo "2457"]
[BlackElo "2446"]
[PlyCount "78"]
[EventDate "2014.??.??"]

1. e4 c5 2. Nf3 d6 3. d4 cxd4 4. Nxd4 Nf6 5. Nc3 Bd7 6. Bg5 e6 7. Ndb5 Bc6 8.
Bxf6 gxf6 9. Qh5 a6 10. Nd4 Qb6 11. O-O-O Qc5 12. Qf3 Be7 13. Qh3 Bd7 14. f4
Nc6 15. Nb3 Qf2 16. f5 b5 17. Bd3 Ne5 18. Rhf1 Qb6 19. Ne2 a5 20. Nbd4 Nxd3+
21. cxd3 e5 22. Nc2 b4 23. Ne3 Bc6 24. Kb1 a4 25. g4 a3 26. b3 O-O-O 27. Qf3
Kb8 28. Rc1 h5 29. gxh5 d5 30. Nxd5 Bxd5 31. exd5 Qb5 32. d4 Qxd5 33. Qxd5 Rxd5
34. dxe5 Rd2 35. Rc2 Rxc2 36. Kxc2 Rxh5 37. exf6 Bxf6 38. Rf2 Be5 39. Ng3 Kc7
1-0

[Event "Boeblinger Open 2014"]
[Site "Boeblingen"]
[Date "2014.12.29"]
[Round "5"]
[White "Fedorovsky, Michael"]
[Black "Schön, Ralf"]
[Result "1-0"]
[WhiteElo "2443"]
[BlackElo "2157"]
[PlyCount "49"]
[EventDate "2014.??.??"]

1. d4 Nf6 2. c4 e6 3. Nc3 d5 4. cxd5 exd5 5. Bg5 c6 6. Qc2 Be7 7. e3 Nbd7 8.
Bd3 O-O 9. Nge2 Re8 10. O-O Nf8 11. f3 N6d7 12. Bxe7 Rxe7 13. e4 dxe4 14. fxe4
Nb6 15. Rad1 Bg4 16. e5 Bxe2 17. Bxe2 Rd7 18. Qe4 Ne6 19. Bg4 Nd5 20. Rxf7 Kxf7
21. Rf1+ Ke7 22. Bxe6 Nxc3 23. Rf7+ Ke8 24. Qf5 Ne2+ 25. Kf1 1-0

[Event "Boeblinger Open 2014"]
[Site "Boeblingen"]
[Date "2014.12.29"]
[Round "5"]
[White "Gohil, Harry"]
[Black "Lanka, Zigurds"]
[Result "0-1"]
[WhiteElo "2313"]
[BlackElo "2437"]
[PlyCount "80"]
[EventDate "2014.??.??"]

1. d4 Nf6 2. Bg5 Ne4 3. Bf4 c5 4. d5 Qb6 5. Bc1 g6 6. f3 Nd6 7. e4 Bg7 8. c3
O-O 9. Nd2 e6 10. Nc4 Nxc4 11. Bxc4 Qa5 12. h4 b5 13. Be2 Bb7 14. h5 exd5 15.
exd5 c4 16. hxg6 hxg6 17. Bh6 Bxh6 18. Rxh6 Qb6 19. Nh3 Qe3 20. Rh4 Re8 21. Rd4
Na6 22. Qd2 Nc5 23. Kd1 d6 24. b3 cxb3 25. Bxb5 Qxd2+ 26. Rxd2 Re3 27. Nf4 Rxc3
28. Ne2 Re3 29. axb3 Rxb3 30. Nd4 Rb4 31. Bc6 a5 32. Bxb7 Rxb7 33. Nc6 a4 34.
Ra3 Re8 35. Raa2 Rb1+ 36. Kc2 Ree1 37. Kc3 Kg7 38. Nd4 Re3+ 39. Kc2 Rb4 40. Rb2
Rc4+ 0-1

[Event "Boeblinger Open 2014"]
[Site "Boeblingen"]
[Date "2014.12.29"]
[Round "5"]
[White "Graf, Felix"]
[Black "Bai, Jinshi"]
[Result "0-1"]
[WhiteElo "2472"]
[BlackElo "2444"]
[PlyCount "98"]
[EventDate "2014.??.??"]

1. d4 Nf6 2. Nf3 g6 3. c4 Bg7 4. Nc3 d5 5. cxd5 Nxd5 6. e4 Nxc3 7. bxc3 c5 8.
Be3 Bg4 9. Rc1 O-O 10. Be2 Qa5 11. Qd2 e6 12. d5 exd5 13. exd5 c4 14. O-O Nd7
15. Rfd1 Nf6 16. Bh6 Qxd5 17. Bxg7 Qxd2 18. Nxd2 Kxg7 19. Bxg4 Nxg4 20. Nxc4
Rfd8 21. Nd6 b6 22. Rd2 Nf6 23. Rcd1 Kf8 24. f3 Ne8 25. Ne4 Rxd2 26. Rxd2 Rc8
27. Kf2 f5 28. Ng5 h6 29. Ne6+ Ke7 30. Nf4 g5 31. Ne2 Nd6 32. Rd3 Rc5 33. Nd4
Nb5 34. Nxb5 Rxb5 35. Rd2 Rc5 36. Rc2 Kd6 37. Ke3 Rc8 38. c4 f4+ 39. Ke4 Re8+
40. Kd4 Re3 41. c5+ bxc5+ 42. Rxc5 Re2 43. Ra5 Rxg2 44. h4 gxh4 45. Rxa7 Ke6
46. Ke4 Kf6 47. Rb7 h3 48. Rb1 h2 49. Rh1 Kg5 0-1

[Event "Boeblinger Open 2014"]
[Site "Boeblingen"]
[Date "2014.12.29"]
[Round "5"]
[White "Gschnitzer, Oswald"]
[Black "Kotz, Reinhard"]
[Result "1/2-1/2"]
[WhiteElo "2407"]
[BlackElo "2171"]
[PlyCount "121"]
[EventDate "2014.??.??"]

1. Nf3 Nf6 2. c4 g6 3. Nc3 d5 4. Qa4+ Bd7 5. Qb3 dxc4 6. Qxc4 a6 7. d4 b5 8.
Qd3 Bc6 9. a3 Nbd7 10. e4 Nb6 11. Be2 Bg7 12. O-O O-O 13. Rd1 Bb7 14. Bg5 h6
15. Bh4 g5 16. Bg3 Na4 17. Nxa4 Bxe4 18. Qb3 Bd5 19. Qc2 bxa4 20. Qxa4 Ne4 21.
Rac1 Nxg3 22. hxg3 Qd6 23. Rc5 Rfb8 24. Qa5 c6 25. b4 e6 26. Qa4 a5 27. b5 cxb5
28. Rxb5 Rxb5 29. Bxb5 Rb8 30. Qxa5 Ra8 31. Qb4 Qxb4 32. axb4 Rb8 33. Bd3 Rxb4
34. Rb1 Ra4 35. Rb8+ Bf8 36. g4 Kg7 37. Rb2 Be7 38. Rb1 Bf6 39. Bb5 Ra2 40. Rd1
Rb2 41. Bf1 Rb4 42. Be2 Bxf3 43. Bxf3 Bxd4 44. Rd2 f5 45. gxf5 exf5 46. Bd1 g4
47. Kf1 h5 48. g3 Kf6 49. Kg2 Kg5 50. f3 Be3 51. Re2 Rd4 52. Rxe3 Rxd1 53. fxg4
Kxg4 54. Ra3 Rd2+ 55. Kg1 h4 56. gxh4 f4 57. Kf1 Rb2 58. h5 Kxh5 59. Rh3+ Kg4
60. Ra3 f3 61. Ra8 1/2-1/2

[Event "Boeblinger Open 2014"]
[Site "Boeblingen"]
[Date "2014.12.29"]
[Round "5"]
[White "Jorczik, Julian"]
[Black "Flick, Antoine"]
[Result "1/2-1/2"]
[WhiteElo "2409"]
[BlackElo "2165"]
[PlyCount "67"]
[EventDate "2014.??.??"]

1. d4 Nf6 2. c4 g6 3. Nc3 d5 4. Bg5 Ne4 5. Bh4 Nxc3 6. bxc3 Bg7 7. cxd5 Qxd5 8.
e3 c5 9. Nf3 cxd4 10. cxd4 Nc6 11. Be2 O-O 12. O-O Bf5 13. Nd2 e5 14. Bf3 Qd6
15. Bg3 Qb4 16. a3 Qb5 17. d5 Na5 18. e4 Bd7 19. Be2 Qc5 20. Nb3 Nxb3 21. Qxb3
b5 22. Rfc1 Qb6 23. Rab1 Rfc8 24. h3 Rab8 25. Kh2 Rxc1 26. Rxc1 a5 27. Bg4 Qd6
28. Bxd7 Qxd7 29. Rc6 b4 30. axb4 axb4 31. f3 h5 32. Rc4 Qe7 33. Bf2 Bf8 34. h4
1/2-1/2

[Event "Boeblinger Open 2014"]
[Site "Boeblingen"]
[Date "2014.12.29"]
[Round "5"]
[White "Meskovs, Nikita"]
[Black "Shishkin, Vadim"]
[Result "1/2-1/2"]
[WhiteElo "2452"]
[BlackElo "2482"]
[PlyCount "90"]
[EventDate "2014.??.??"]

1. d4 Nf6 2. c4 g6 3. g3 c6 4. Nf3 Bg7 5. Bg2 d5 6. b3 O-O 7. O-O dxc4 8. bxc4
c5 9. Bb2 Qb6 10. Qc1 cxd4 11. Nxd4 Nc6 12. Nxc6 bxc6 13. Nd2 Be6 14. Rb1 Qa6
15. Be5 Nd7 16. Bxg7 Kxg7 17. Qc3+ Kg8 18. Rb3 Rab8 19. Ra3 Qb6 20. h4 Rfd8 21.
Rb1 Qc5 22. Rxb8 Rxb8 23. Ra5 Qb6 24. Nb3 Nf6 25. Bf3 Rd8 26. Kg2 Bg4 27. Bxg4
Nxg4 28. c5 Qb7 29. Ra4 Nf6 30. Qa5 Rd7 31. Qa6 Nd5 32. Qxb7 Rxb7 33. e4 Nf6
34. Kf3 Nd7 35. Rd4 Kf8 36. Ke3 Ke8 37. Kd3 Rb5 38. Kc4 Kd8 39. a4 Rb8 40. Kc3
Kc7 41. Rb4 Rxb4 42. Kxb4 Nf6 43. Nd2 Ng4 44. f3 Ne5 45. Kc3 h5 1/2-1/2

[Event "Boeblinger Open 2014"]
[Site "Boeblingen"]
[Date "2014.12.29"]
[Round "5"]
[White "Nguyen, Thai Dai Van"]
[Black "Vuckovic, Aleksandar"]
[Result "1-0"]
[WhiteElo "2212"]
[BlackElo "2337"]
[PlyCount "97"]
[EventDate "2014.??.??"]

1. e4 c5 2. Nf3 Nc6 3. d4 cxd4 4. Nxd4 g6 5. c4 Bg7 6. Be3 Nf6 7. Nc3 d6 8. Be2
Bd7 9. O-O O-O 10. Qd2 Nxd4 11. Bxd4 a5 12. b3 Bc6 13. f3 Nd7 14. Be3 Nc5 15.
Rab1 Qb6 16. Rfc1 Rfc8 17. Rc2 Qd8 18. Bf1 Qf8 19. a3 Be5 20. b4 axb4 21. axb4
Na4 22. Ne2 Qd8 23. Nd4 Be8 24. Rd1 Qc7 25. Rdc1 Bd7 26. Qf2 Qd8 27. f4 Bg7 28.
c5 dxc5 29. bxc5 e5 30. fxe5 Bxe5 31. Bc4 Be8 32. Bd5 Qc7 33. Nf3 Bg7 34. Rf1
Nc3 35. Bd4 Bxd4 36. Nxd4 Nxd5 37. exd5 Qe5 38. d6 Rd8 39. Nf3 Qf6 40. Re1 Ra1
41. Rce2 Rxe1+ 42. Rxe1 b6 43. Ne5 Qxf2+ 44. Kxf2 f6 45. Ng4 bxc5 46. Re7 Bc6
47. Nxf6+ Kf8 48. Nxh7+ Kg8 49. d7 1-0

[Event "Boeblinger Open 2014"]
[Site "Boeblingen"]
[Date "2014.12.29"]
[Round "5"]
[White "Noe, Christopher"]
[Black "Egorov, Konstantin"]
[Result "1-0"]
[WhiteElo "2375"]
[BlackElo "2089"]
[PlyCount "83"]
[EventDate "2014.??.??"]

1. e4 c5 2. Nf3 e6 3. d3 Nc6 4. g3 g6 5. Bg2 Bg7 6. O-O Nge7 7. Re1 d5 8. Nbd2
O-O 9. Nf1 b5 10. e5 Qc7 11. Bf4 Nd4 12. Nxd4 cxd4 13. Nd2 Nc6 14. Nf3 a5 15.
a4 Ba6 16. axb5 Bxb5 17. h4 Rfc8 18. h5 Qb6 19. Qd2 Nb4 20. Rec1 Nc6 21. Re1
Nb4 22. Rec1 Nc6 23. Bh3 Ra7 24. Kg2 Nb4 25. Bh6 Bh8 26. hxg6 hxg6 27. Bg5 Kf8
28. Bf6 Bxf6 29. exf6 Ke8 30. Ne5 Kd8 31. Qh6 Be8 32. c3 dxc3 33. bxc3 Nc6 34.
Nf3 Qc7 35. Qf8 Kd7 36. Nd4 Rb7 37. Bxe6+ fxe6 38. Rh1 Nxd4 39. Rh7+ Kc6 40.
Rxc7+ Rbxc7 41. cxd4 Kb7 42. Rxa5 1-0

[Event "Boeblinger Open 2014"]
[Site "Boeblingen"]
[Date "2014.12.29"]
[Round "5"]
[White "Prohaszka, Peter"]
[Black "Neyman, Igor"]
[Result "1-0"]
[WhiteElo "2613"]
[BlackElo "2311"]
[PlyCount "67"]
[EventDate "2014.??.??"]

1. Nf3 d5 2. g3 Nf6 3. Bg2 c6 4. c4 e6 5. d4 dxc4 6. Ne5 b5 7. Nxc6 Qb6 8. Na5
Nd5 9. Bd2 Nd7 10. a4 b4 11. Nxc4 Qxd4 12. Ne3 Bb7 13. Nxd5 Bxd5 14. Bxd5 Qxd5
15. O-O Be7 16. Be3 Nf6 17. Qxd5 Nxd5 18. Bd4 Bf6 19. Bxf6 Nxf6 20. Nd2 Rc8 21.
Nb3 Ke7 22. Rfc1 Nd7 23. Na5 Nb8 24. f3 Rhd8 25. Kf2 e5 26. g4 h6 27. Ke3 g6
28. Nb7 Rxc1 29. Rxc1 Rd7 30. Na5 Rd5 31. Rc7+ Ke6 32. Rxa7 f5 33. gxf5+ gxf5
34. Nb3 1-0

[Event "Boeblinger Open 2014"]
[Site "Boeblingen"]
[Date "2014.12.29"]
[Round "5"]
[White "Rahnfeld, Jens"]
[Black "Schlecht, Daniel"]
[Result "1/2-1/2"]
[WhiteElo "2100"]
[BlackElo "2366"]
[PlyCount "104"]
[EventDate "2014.??.??"]

1. e4 e6 2. d4 d5 3. Nc3 Nf6 4. e5 Nfd7 5. Nce2 c5 6. c3 Nc6 7. f4 Be7 8. Nf3
Qb6 9. g3 O-O 10. Bh3 cxd4 11. Nexd4 Nc5 12. O-O Bd7 13. Kg2 Nxd4 14. Nxd4 Bb5
15. Nxb5 Qxb5 16. Bg4 Rac8 17. Qe2 Qc6 18. Bf3 b5 19. Be3 a6 20. Bxc5 Bxc5 21.
Qd3 g6 22. h4 Ba7 23. Rad1 Qb6 24. Rd2 Rc4 25. Rfd1 Rfc8 26. Qf1 a5 27. Kh3 b4
28. cxb4 axb4 29. Qd3 Qa5 30. Qb3 Bb6 31. Be2 R4c7 32. Bd3 Kg7 33. Rc2 Rxc2 34.
Bxc2 Qc5 35. Bb1 h5 36. Qd3 Qf2 37. Rd2 Qg1 38. Rd1 Qc5 39. Qe2 Rc7 40. Kg2 Qa5
41. Qd2 Qc5 42. Kh3 Rc8 43. Kg2 Qc4 44. Qd3 Qxd3 45. Bxd3 Bd4 46. b3 Rc3 47.
Bxg6 Bxe5 48. Bxf7 Bxf4 49. Bxe6 Bxg3 50. Rxd5 Bxh4 51. Rxh5 Be7 52. Ra5 Kf6
1/2-1/2

[Event "Boeblinger Open 2014"]
[Site "Boeblingen"]
[Date "2014.12.29"]
[Round "5"]
[White "Regez, Markus"]
[Black "Gheng, Josef"]
[Result "0-1"]
[WhiteElo "2188"]
[BlackElo "2315"]
[PlyCount "104"]
[EventDate "2014.??.??"]

1. d4 Nf6 2. c4 e6 3. Nf3 b6 4. a3 Bb7 5. Nc3 Be7 6. d5 O-O 7. e4 d6 8. Be2 e5
9. h3 Nbd7 10. Be3 c6 11. O-O Rc8 12. Nd2 Re8 13. Re1 Nf8 14. Nf1 cxd5 15. cxd5
a6 16. Ng3 g6 17. a4 h5 18. Bd3 N8d7 19. Qe2 Ra8 20. b4 h4 21. Nf1 Nh5 22. g3
Nf8 23. Qd2 Nh7 24. Be2 Ng7 25. a5 b5 26. Nxb5 Qd7 27. Na7 Qxh3 28. Rac1 hxg3
29. fxg3 Nh5 30. Bxh5 Qxh5 31. Rc7 Ng5 32. Nh2 Bc8 33. Nc6 Bf6 34. Bxg5 Bxg5
35. Qf2 Rf8 36. Nf3 Bg4 37. Nxg5 Qxg5 38. Kg2 Rae8 39. Rh1 Bh5 40. Rf1 f5 41.
Qa7 Qh6 42. Ne7+ Rxe7 43. Rxe7 f4 44. Rc7 Be2 45. Rf2 Bd3 46. Kg1 fxg3 47.
Rxf8+ Qxf8 48. Rc1 Bxe4 49. Rf1 Bf5 50. Qxa6 Qh6 51. Qe2 Bd3 52. Rf8+ Qxf8 0-1

[Event "Boeblinger Open 2014"]
[Site "Boeblingen"]
[Date "2014.12.29"]
[Round "5"]
[White "Schneider, German"]
[Black "Bodrozic, Tomislav"]
[Result "1/2-1/2"]
[WhiteElo "2150"]
[BlackElo "2323"]
[PlyCount "63"]
[EventDate "2014.??.??"]

1. d4 Nf6 2. Bg5 c5 3. dxc5 Na6 4. Bxf6 gxf6 5. e4 Nxc5 6. Nc3 d6 7. g3 e6 8.
Bg2 Bd7 9. Nge2 Qb6 10. Rb1 Rc8 11. O-O Na4 12. Re1 Qc5 13. Nxa4 Bxa4 14. b3
Bd7 15. c4 Be7 16. Qd4 a6 17. Qxc5 Rxc5 18. Rec1 O-O 19. b4 Rc7 20. Rc3 Rfc8
21. Rbc1 Kf8 22. a3 Ba4 23. f4 Bd8 24. Kf2 Rd7 25. Ke3 Bb6+ 26. Kd2 Ke7 27. Rd3
Rdc7 28. Rdc3 Ba7 29. Bf3 Rg8 30. g4 h6 31. Ng3 Rgc8 32. Ne2 1/2-1/2

[Event "Boeblinger Open 2014"]
[Site "Boeblingen"]
[Date "2014.12.29"]
[Round "5"]
[White "Vujic, Branimir"]
[Black "Ruff, Maximilian"]
[Result "1/2-1/2"]
[WhiteElo "2351"]
[BlackElo "2142"]
[PlyCount "100"]
[EventDate "2014.??.??"]

1. d4 Nf6 2. Nf3 c5 3. e3 g6 4. Be2 Bg7 5. O-O O-O 6. dxc5 Qa5 7. a3 Qxc5 8. b4
Qc7 9. Bb2 b6 10. c4 Bb7 11. Nbd2 d6 12. Qb3 Nbd7 13. Rac1 Rac8 14. Rfd1 Qb8
15. h3 Qa8 16. Ne1 Rc7 17. Bf3 Rfc8 18. Bxb7 Qxb7 19. Nef3 a6 20. Qa2 Ne4 21.
Bxg7 Kxg7 22. Nxe4 Qxe4 23. Rd4 Qb7 24. Qb2 Kg8 25. Nh2 Ne5 26. Ng4 Nxg4 27.
hxg4 Rc6 28. Qe2 b5 29. c5 dxc5 30. bxc5 Rxc5 31. Rxc5 Rxc5 32. Rd8+ Kg7 33.
Qb2+ f6 34. Qd4 Rc4 35. Rd7 Rxd4 36. Rxb7 Re4 37. Ra7 Ra4 38. Rxe7+ Kg8 39. Rb7
Rxa3 40. e4 Ra1+ 41. Kh2 Ra4 42. f3 b4 43. Kg3 a5 44. Kf4 Ra2 45. g5 fxg5+ 46.
Kxg5 Rxg2+ 47. Kf6 h5 48. Rb8+ Kh7 49. Rb7+ Kg8 50. Rb8+ Kh7 1/2-1/2

[Event "Boeblinger Open 2014"]
[Site "Boeblingen"]
[Date "2014.12.29"]
[Round "6"]
[White "Bai, Jinshi"]
[Black "Dann, Matthias"]
[Result "1/2-1/2"]
[WhiteElo "2444"]
[BlackElo "2457"]
[PlyCount "108"]
[EventDate "2014.??.??"]

1. d4 Nf6 2. c4 e6 3. g3 Bb4+ 4. Bd2 c5 5. Bxb4 cxb4 6. Bg2 O-O 7. e3 d6 8. Ne2
a5 9. a3 Na6 10. O-O Ra7 11. axb4 Nxb4 12. Na3 b6 13. Nc2 Nxc2 14. Qxc2 Ba6 15.
b4 Rc7 16. bxa5 bxa5 17. Rxa5 Rxc4 18. Qa2 Rc2 19. Qxc2 Qxa5 20. Qb2 Qb5 21.
Qxb5 Bxb5 22. Re1 Bxe2 23. Rxe2 d5 24. h4 h6 25. Rc2 Rb8 26. Bf3 g5 27. hxg5
hxg5 28. Kg2 g4 29. Be2 Rb7 30. Ra2 Kg7 31. Rc2 Kg6 32. Rc8 Rb2 33. Rc2 Rb3 34.
Rc7 Ra3 35. Bd1 Ra1 36. Be2 Re1 37. Rc2 Kg5 38. Bd3 Rd1 39. Be2 Ra1 40. Rc7 Kg6
41. Rc8 Ra7 42. Rc2 Kg5 43. Rc8 Kg6 44. Rc2 Kg7 45. Kf1 Ra8 46. Kg1 Kh6 47. Rc7
Rf8 48. Kg2 Kg5 49. Bd3 Ng8 50. Ba6 f5 51. Rc8 Rxc8 52. Bxc8 Kf6 53. f3 gxf3+
54. Kxf3 Nh6 1/2-1/2

[Event "Boeblinger Open 2014"]
[Site "Boeblingen"]
[Date "2014.12.29"]
[Round "6"]
[White "Mihok, Oliver"]
[Black "Lampert, Jonas"]
[Result "1/2-1/2"]
[WhiteElo "2464"]
[BlackElo "2453"]
[PlyCount "68"]
[EventDate "2014.??.??"]

1. e4 e5 2. Nf3 Nc6 3. Nc3 Nf6 4. Be2 d5 5. exd5 Nxd5 6. O-O Nxc3 7. bxc3 e4 8.
Ne1 Bd6 9. f3 exf3 10. Nxf3 O-O 11. d4 Bf5 12. Rb1 Rb8 13. Ng5 Bg6 14. Bd3 Qe7
15. Bxg6 fxg6 16. Rxf8+ Qxf8 17. Qd3 h6 18. Qc4+ Kh8 19. Nf7+ Kh7 20. Bd2 Re8
21. Rf1 Qe7 22. Nxd6 Qxd6 23. Bf4 Qe7 24. d5 Ne5 25. Qd4 b6 26. c4 Nf7 27. c5
bxc5 28. Qa4 Qe2 29. Qxa7 Qxc2 30. Qxc7 Re2 31. Qxf7 Rxg2+ 32. Kh1 Rf2 33. Kg1
Rg2+ 34. Kh1 Rf2 1/2-1/2